Trayectorias de formación en lectura y escritura disciplinar en carreras universitarias de humanidades : diagnóstico y propuesta institucional.

Gespeichert in:
Bibliographische Detailangaben
1. Verfasser: Navarro, Federico (autor)
Format: Unbekannt
Sprache:Spanisch
Schlagworte:
Online-Zugang:Ver documento en línea
Tags: Tag hinzufügen
Keine Tags, Fügen Sie das erste Tag hinzu!

MARC

LEADER 00000c**#a2200000ua#4500
001 000532976
003 DLC
005 20260512000000.0
008 070912c^^^^9999^^^^r1^^^^^^^^0^^^^0spa^d
009 20260512123927.397
022 |a 14056666 
035 |a FCE 000077224 
037 |a Acervo ITESO - Biblioteca 
041 |a spa 
095 |a REVISTA MEXICANA DE INVESTIGACION EDUCATIVA(PDF)  |b 58/2013 
100 |a Navarro, Federico  |e (autor) 
245 1 0 |a Trayectorias de formación en lectura y escritura disciplinar en carreras universitarias de humanidades :  |b diagnóstico y propuesta institucional. 
264 |a México :  |b Consejo Mexicano de Investigación Educativa,  |c 2013. 
336 |a texto  |b txt  |2 rdacontenido 
337 |a sin mediación  |b n  |2 rdamedio 
338 |a volumen  |b nc  |2 rdasoporte 
649 |a XX 
650 |a Educación superior 
650 |a Didáctica 
650 |a Lecto-escritura 
650 |a Lenguaje escrito 
650 |a Ciencias humanas 
650 |a Argentina 
740 |g vol. 18, no. 58, jul.-sept. 2013, pp. 709-734  |t Revista Mexicana de Investigación Educativa, 
856 4 0 |u https://www.comie.org.mx/v1/revista/visualizador.php?articulo=ART58002&criterio=https://www.comie.org.mx/documentos/rmie/v18/n058/pdf/ART58002.pdf  |y Ver documento en línea 
910 |a Fondo Centro de Estudios Educativos 
920 |a Impresos - Libros 
930 |a Fondos Especiales 
905 |a 133 
902 |a https://opac.biblio.iteso.mx/vufind/Record/000532976